| 000 | 00912nam a22002057a 4500 | ||
|---|---|---|---|
| 999 |
_c19342 _d19342 |
||
| 003 | AR-CdUCM | ||
| 008 | 190517b ||||| |||| 00| 0 spa d | ||
| 040 |
_aMUNICIPALIDAD PROVINCIAL DEL CUSCO _cBIBLIOTECA MUNICIPAL DEL CUSCO |
||
| 082 |
_a901 / _bD89 |
||
| 100 |
_aDujovne, Leòn _93631 |
||
| 245 | _aLa filosofía de la historia desde el Renacimiento hasta el siglo XVIII / | ||
| 260 |
_aBuenos Aires : _bGalatea, _c1959. |
||
| 300 |
_a244 páginas ; _c21 cm. |
||
| 440 |
_aEl hombre, la sociedad y la historia ; _940626 |
||
| 505 | _aContenido: La historia en el renacimiento -- Nicolas Maquiavelo, su ideas políticas y su visión de la historia -- Guicciardini, su idea del hombre y de la historia -- Bodino, su concepción sobre el conocimiento histórico y sobre la realidad histórica... | ||
| 650 |
_aHistoria _9136 |
||
| 650 |
_aFilosofía _9395 |
||
| 942 |
_2ddc _cLIBROS |
||
| 945 |
_aacv _d2019-05-17 |
||